|
|
|
|
| LEADER |
00000cam a2200000 a 4500 |
| 001 |
76845 |
| 005 |
20230308171328.0 |
| 008 |
000000|1968 ||||||||r|||||||||||spa|| |
| 040 |
|
|
|b spa
|
| 041 |
1 |
|
|a spa
|
| 082 |
0 |
|
|a 658.83
|
| 100 |
1 |
|
|a Konrad, EvelynErickson, Rod
|9 60957
|
| 245 |
|
|
|a Cómo emplear con éxito la investigación de mercados
|c Evelyn Konrad, Rod Erickson,traducción Manuel Juárez.
|h imp
|
| 264 |
|
|
|a México
|b Editora Técnica
|c 1968
|
| 300 |
|
|
|a 252 páginas:
|c 23 cm
|
| 650 |
1 |
|
|a Investigacion de mercados
|9 12013
|
| 650 |
1 |
|
|a Flujo de mercancias
|9 60958
|
| 650 |
1 |
|
|a Mercadotecnia
|9 1702
|
| 650 |
1 |
|
|a Publicidad
|9 1704
|
| 650 |
1 |
0 |
|a Marketing
|9 1696
|
| 852 |
|
|
|a UC-CDJBV
|c ESTANTERIA CERRADA
|f Donación
|k alicia.criollo
|l 1
|m General
|p 00000000
|r 2
|t 76845
|b 0
|d CDRC
|e CDRC
|g 658.83 ESTANTERIA CERRADA
|z 0000-00-00
|
| 942 |
|
|
|c BK
|
| 999 |
|
|
|c 35704
|d 35704
|